Malaparte /

Gespeichert in:
Bibliographische Detailangaben
1. Verfasser: Vegliani, Franco (Verfasst von)
Format: Buch
Sprache:Italienisch
Veröffentlicht: Milano ; Venezia : D. Guarnati, [1957!
Schlagworte:
Tags: Tag hinzufügen
Keine Tags, Fügen Sie das erste Tag hinzu!

MARC

LEADER 00000nam a22000007i 4500
001 IT\ICCU\LO1\0315344
003 ItRI
005 20260115232253.0
008 931008s1957 it |||||| ||||| |||||c
015 |2 IT  |a 1957 9597 
040 |b ita  |c importazione bologna sebina 
041 7 |a ita  |2 ISO-639-2 
082 |a 853.9  |9 NARRATIVA ITALIANA. 1900-  |2 19 
100 1 |a Vegliani, Franco  |0 IT\ICCU\CFIV\051079  |4 aut 
245 1 0 |a Malaparte /  |c Franco Vegliani. 
260 |a Milano ;  |a Venezia :  |b D. Guarnati,  |c [1957! 
300 |a 267 p. ;  |c 20 cm. 
650 7 |a MALAPARTE, CURZIO  |x BIOGRAFIA  |2 scbi 
942 |2 ddc  |c BK  |n 0 
952 |0 0  |1 0  |4 0  |6 DOC_853_914000000000000_VEG  |7 0  |9 23333  |a BO  |b BO  |d 2026-01-15  |i 2598  |l 0  |o DOC 853.914 VEG  |p BO2598  |r 2026-01-15 23:22:53  |w 2026-01-15  |x [Sebina 5] [1 v.]  |y BK  |z 1 v. 
999 |c 19890  |d 19890